000
00221 a2200097 4500
001
15738
100
_a
Moudoodi
245
_a
Seerat Sarwar-e-Alam (Vol-I)
260
_a
_b
Adara Turjaman ul Quran
_c
090
_c
12295
_d
12295
942
_a
NUST-CAE
_c
M
_c
2553
999
_c
250811
_d
250811